Antidumpingová politika Evropské unie
Antidumpingová politika Európskej únie zameraná na boj proti nekorektným spôsobom svetového obchodu, narušujúcim pravidlá GATT. Uplatňovanie antidumpingových opatrení vo svetovom obchode. Inovovanie antidumpingových pravidiel, ktoré v EÚ nadobudli platnosť v r.1995. Nutnosť uskutočňovania otvoreného...
Saved in:
| Format: | Book Chapter |
|---|---|
| Language: | Czech |
| Subjects: | |
| Tags: |
No Tags, Be the first to tag this record!
|
MARC
| LEADER | 00000naa a2200000 4500 | ||
|---|---|---|---|
| 001 | r020487 | ||
| 005 | 20230418124140.9 | ||
| 041 | 0 | |a cze | |
| 044 | |a CZ | ||
| 245 | 1 | 0 | |a Antidumpingová politika Evropské unie |
| 520 | |a Antidumpingová politika Európskej únie zameraná na boj proti nekorektným spôsobom svetového obchodu, narušujúcim pravidlá GATT. Uplatňovanie antidumpingových opatrení vo svetovom obchode. Inovovanie antidumpingových pravidiel, ktoré v EÚ nadobudli platnosť v r.1995. Nutnosť uskutočňovania otvoreného trhového hospodárstva s voľnou konkurenciou podľa Európskej dohody. | ||
| 610 | 2 | 0 | |a antidumping |
| 610 | 2 | 0 | |a Európska únia |
| 610 | 2 | 0 | |a konkurencia |
| 610 | 2 | 0 | |a obchod voľný |
| 610 | 2 | 0 | |a obchod svetový |